Statistics for Top 15 Green Day Songs

Click here to take the quiz!

General Stats

  • This quiz has been taken 8 times
  • The average score is 5 of 15

Answer Stats

#AlbumSong% Correct
1American IdiotJesus of Suburbia
71%
921st Century Breakdown21 Guns
57%
11NimrodGood Riddance
57%
12DookieShe
57%
10DookieLongview
43%
8American IdiotWake Me up When September Ends
43%
7American IdiotGive Me Novacaine
29%
15Father of All...Graffitia
29%
3American IdiotLetterbomb
29%
4WarningMinority
29%
14American IdiotWhatsername
29%
13Kerplunk!2000 Light Years Away
14%
2DookieBurnout
14%
6Revolution RadioForever Now
14%
5NimrodUptight
14%

Score Distribution

Percentile by Number Answered

Percent of People with Each Score

Your Score History

You have not taken this quiz